LIBRARY & INFORMATION CENTRE, KCAET, TAVANUR

ONLINE PUBLIC ACCESS CATALOGUE (OPAC)

Farm Incomes, wealth And agricultural Policy: Filling the CAP,s Core Information Gap (Record no. 14480)

MARC details
000 -LEADER
fixed length control field 00366nam a22001337a 4500
020 ## - INTERNATIONAL STANDARD BOOK NUMBER
ISBN 9781845938475
082 ## - DEWEY DECIMAL CLASSIFICATION NUMBER
Classification number 338.1841
Item number HIL/FA
100 ## - MAIN ENTRY--AUTHOR NAME
Personal name Hill,Berkeley
245 ## - TITLE STATEMENT
Title Farm Incomes, wealth And agricultural Policy: Filling the CAP,s Core Information Gap
250 ## - EDITION STATEMENT
Edition statement 4 th
260 ## - PUBLICATION, DISTRIBUTION, ETC. (IMPRINT)
Place of publication Oxfordshire
Name of publisher CABI Publication
Year of publication 2012
300 ## - PHYSICAL DESCRIPTION
Number of Pages 315
942 ## - ADDED ENTRY ELEMENTS (KOHA)
Koha item type Books
Holdings
Withdrawn status Lost status Damaged status Collection code Home library Current library Shelving location Date acquired Source of acquisition Cost, normal purchase price Full call number Accession Number Koha item type
        KAUAET KAUAET General Stacks 08/07/2016 Arunima Book Distributors,TVPM 9557.00 338.1841 HIL/FA 24815 Books
free website counter